| 000 | 01732cam a22003254a 4500 | ||
|---|---|---|---|
| 001 | 17356145 | ||
| 003 | USPCAS-E | ||
| 005 | 20180118181414.0 | ||
| 008 | 120621s2013 njua b 001 0 eng | ||
| 010 | _a 2012018961 | ||
| 020 | _a9780321815743 (hardcover : alk. paper) | ||
| 040 |
_aDLC _cDLC _dDLC |
||
| 042 | _apcc | ||
| 050 | 0 | 0 |
_aTA190 _b.R48 2013 |
| 082 | 0 | 0 |
_a005.10684 _223 _bROB-M 2013 |
| 100 | 1 | _aRobertson, Suzanne. | |
| 245 | 1 | 0 |
_aMastering the requirements process : _bgetting requirements right / _cSuzanne Robertson, James Robertson. |
| 250 | _a3rd ed. | ||
| 260 |
_aUpper Saddle River, NJ : _bAddison-Wesley, _cc2013. |
||
| 300 |
_axxvi, 541 p. : _bill. ; _c25 cm. |
||
| 502 | _a0 | ||
| 504 | _aIncludes bibliographical references and index. | ||
| 505 | 0 | _aSome fundamental truths -- The requirements process -- Scoping the business problem -- Business use cases -- Investigating the work -- Scenarios -- Understanding the real problem -- Starting the solution -- Strategies for today's business analyst -- Functional requirements -- Non-functional requirements -- Fit criteria and rationale -- The quality gateway -- Requirements and iterative development -- Reusing requirements -- Communicating the requirements -- Requirements completeness -- Volere requirements specification template -- Stakeholder management templates -- Function point counting : a simplified -- Requirements knowledge model. | |
| 650 | 0 | _aProject management. | |
| 650 | 0 |
_aComputer software _xDevelopment. |
|
| 700 | 1 |
_aRobertson, James, _d1944- |
|
| 906 |
_a7 _bcbc _corignew _d1 _eecip _f20 _gy-gencatlg |
||
| 942 |
_2ddc _cBK |
||
| 999 |
_c355799 _d355799 |
||